000
00302nam a22001337a 4500
008
180924b xxu||||| |||| 00| 0 eng d
020
_a
9781572246218
041
_a
eng
080
_a
616.8-006
100
_a
6
101
_a
KAN
245
_a
The Chemotherapy Survival Guide
_c
Kay, J
942
_2
udc
_c
BK
999
_c
48405
_d
48405